书目信息 |
| 题名: |
传统相声选
|
|
| 作者: | 刘英男 编 | |
| 分册: | ||
| 出版信息: | 沈阳 春风文艺出版社 1980 |
|
| 页数: | 286页 | |
| 开本: | 19cm | |
| 丛书名: | ||
| 单 册: | ||
| 中图分类: | I239.77 | |
| 科图分类: | ||
| 主题词: | 相声--中国--现代--选集 | |
| 电子资源: | ||
| ISBN: | ||
| 000 | 00601nam0 2200229 45 | |
| 001 | 0180008236 | |
| 005 | 20060808155228.57 | |
| 010 | @dCNY0.58 | |
| 091 | @aCN@b10158.559 | |
| 100 | @a19950509d1980 em y0chiy0121 ea | |
| 101 | 0 | @achi |
| 102 | @aCN@b210000 | |
| 105 | @ay z 000by | |
| 200 | 10 | @a传统相声选@Achuan tong xiang sheng xuan@f刘英男编 |
| 210 | @a沈阳@c春风文艺出版社@d1980 | |
| 215 | @a286页@d19cm | |
| 606 | @a相声@y中国@z现代@x选集 | |
| 690 | @aI239.77@v3 | |
| 701 | 0 | @a刘英男@Aliu ying nan@4编 |
| 801 | 2 | @aCN@bNLC@c20060808 |
| 801 | 0 | @aCN@bTSSF |
| 905 | @a10447@dI239.77@e89 | |
| 传统相声选/刘英男编.-沈阳:春风文艺出版社,1980 |
| 286页;19cm |
| ISBN :CNY0.58 |
| ● |
| 相关链接 |
|
|
|
|
正题名:传统相声选
索取号:I239.77/89
 
预约/预借
| 序号 | 登录号 | 条形码 | 馆藏地/架位号 | 状态 | 备注 |
| 1 | 0450494 | 204504946 | 密集书库/ [索取号:I239.77/89] | 在馆 |